Так устроен мир. Экономика для юношества: пер. с англ.

Xehetasun bibliografikoak
Egile nagusia: Хесс К. Карл
Gaia:Исключено из фонда НТБ ТПУ
Hizkuntza:errusiera
Argitaratua: Москва, Дело, 1992
Formatua: Liburua
KOHA link:https://koha.lib.tpu.ru/cgi-bin/koha/opac-detail.pl?biblionumber=18057

MARC

LEADER 00000nam0a2200000 4500
001 18057
005 20231030191142.0
010 |a 5859000480 
035 |a (RuTPU)RU\TPU\book\18206 
035 |a BOOK00000064 
090 |a 18057 
100 |a 20011209d1992 m y0rusy50 ca 
101 1 |a rus  |c eng 
102 |a RU 
105 |a y j 000zy 
200 1 |a Так устроен мир. Экономика для юношества  |e пер. с англ.  |f К. Хесс 
210 |a Москва  |c Дело  |d 1992 
215 |a 96 с. 
333 |a Исключено из фонда НТБ ТПУ 
700 1 |a Хесс  |b К.  |g Карл 
801 0 |a RU  |b 63413507  |c 20011209  |g PSBO 
801 2 |a RU  |b 63413507  |c 20120515  |g PSBO 
942 |c BK